1327 1055 1596 1552 1958 1180 1568 1293 1399 1424 1947 1009 1530 1774 1632 1108 1301 1801 1256 1194 1118 1592 1594 1637 1947 1794 1248 1694 1246 1240 1533 1837 1513 1731 1991 1984 1298 1795 1461 1886 1493 1301 1482 1520 1462 1606 1109 1830 1080 1393 1485 1180 1954 1676 1408 1823 1241 1642 1119 1451 1923 1577 1501 1656 1967 1653 1427 1234 1810 1796 1471 1118 1743 1435 1923 1445 1944 1879 1428 1026 1584 1846 1513 1391 1991 1540 1805 1174 1419 1411 1496 1187 1877 1885 1600 1700 1590 1194 1627 BCNSPRNW ULIB Ver.6.0+V

เปลี่ยนเป็นภาษาไทย

Change to English
 แสดงรายละเอียดบรรณานุกรม
  กลับหน้าหลัก

Brief Record : Get Marc (ISO 2709) : E-mail record : QR code < ปิดหน้าต่าง
LEADER : 00000nam 2200000uu 4500
001    13399126815
003     ULIB
008    190308s2561||||th 000 0 tha d
020 ^  ^a9786164681583
050  0 ^aBF155.6713^bจ628จ
100 0  ^aจุฑามาศ แหนจอน.
245 1  ^aจิตวิทยาการรู้คิด /^cจุฑามาศ แหนจอน.
246 3  ^aCognitive psychology
250 ^  ^aพิมพ์ครั้งที่ 1.
260 ^  ^aกรุงเทพฯ :^bแกรนด์พอยท์,^c2561.
300 ^  ^a359 หน้า :^bภาพประกอบ ;^c26 ซม.
500 ^  ^aมีดัชนี.
505 2  ^aความรู้พื้นฐานด้านจิตวิทยาการรู้คิด -- โครงสร้างและการทำงานของสมอง -- การรับรู้ -- ความสนใจจดจ่อ -- ความจำ -- หน้าที่บริหารจัดการของสมอง -- ความรู้ -- การจินตภาพด้วยภาพ -- ภาษา -- การคิดแก้ปัญหา -- การให้เหตุผลและการตัดสินใจ.
650 ^  ^aความคิดสร้างสรรค์.
650 ^  ^aความจำ.
650 ^  ^aจิตวิทยา.
650 ^  ^aจิตวิทยาการรู้คิด.
650 ^  ^aปัญญา.
945    ^p450^l0^i005469
945    ^p450^l0^i005468
945    ^p450^l0^i005467
999    ^aประนอม เกษจรัล
รายการนี้ยังไม่มีแท็ก
คุณยังไม่ได้ล็อกอิน คุณสามารถมีกิจกรรมร่วมกับเว็บไซต์ได้ แต่ต้องล็อกอินก่อน ::
  ล็อกอิน

รายการสื่อสารสนเทศ

ลำดับที่ ประเภท เลขเรียก/บาร์โค้ด สถานที่ สถานะ
1. การศึกษาทั่วไป
หนังสือสำรอง
สถานะ=หนังสือสำรอง
BF155.6713 จ628จ ฉ.1 
  Barcode: 005467
ห้องสมุดวิทยาเขตสวรรค์ประชารักษ์
►หนังสือทั่วไป
บนชั้น
2. การศึกษาทั่วไป
การศึกษาทั่วไป
BF155.6713 จ628จ ฉ.2 
  Barcode: 005468
ห้องสมุดวิทยาเขตสวรรค์ประชารักษ์
►หนังสือทั่วไป
บนชั้น
3. การศึกษาทั่วไป
การศึกษาทั่วไป
BF155.6713 จ628จ ฉ.3 
  Barcode: 005469
ห้องสมุดวิทยาเขตสวรรค์ประชารักษ์
►หนังสือทั่วไป
บนชั้น

รายการใกล้เคียง
    ผู้แต่ง [จุฑามาศ แหนจอน.]

    หัวเรื่อง [ความคิดสร้างสรรค์.]
    หัวเรื่อง [ความจำ.]
    หัวเรื่อง [จิตวิทยา.]
    หัวเรื่อง [จิตวิทยาการรู้คิด.]
    หัวเรื่อง [ปัญญา.]

BibComment


ยังไม่เคยถูกคอมเมนท์

คอมเมนท์ทรัพยากรรายการนี้
  คอมเมนท์: จิตวิทยาการรู้คิ..


 Copyright 2026. Bcnsprnw @Library